Analýza boridických vrstiev na nástrojovej oceli K 190

Gespeichert in:
Bibliographische Detailangaben
1. Verfasser: Grundeiová, Ivana, 1985- (Verfasst von)
Weitere Verfasser: Sedlická, Viktória, 1956- (Betreuung Doktorarbeit)
Format: Manuskript Buch
Sprache:Slowakisch
Veröffentlicht: STU v Bratislave MTF UMAT, 2010
Schlagworte:
Online-Zugang:VAIS
Tags: Tag hinzufügen
Keine Tags, Fügen Sie das erste Tag hinzu!

MARC

LEADER 00000ntm a22000003a 4500
001 stu206149
005 20160719160303.0
008 100702s2010------------------------slo-d
040 |a STU  |b slo 
041 0 |a slo 
100 1 |a Grundeiová, Ivana,  |d 1985-  |4 aut  |X 33032  |7 A000033032 
242 0 0 |a Boride layers analysis of tool steel K 190  |y eng 
245 1 |a Analýza boridických vrstiev na nástrojovej oceli K 190 
260 |b STU v Bratislave MTF UMAT,  |c 2010 
650 7 |a chemicko-tepelné spracovanie  |2 stusub 
650 7 |a boridovanie  |2 stusub 
700 1 |a Sedlická, Viktória,  |d 1956-  |4 ths  |u M1000  |U MTF Materiálovotechnologická fakulta  |T MTF Ústav materiálov  |X 1527  |U M1000  |Y 81  |7 A000001527 
856 4 |a info a plný text  |u http://is.stuba.sk/zp/portal_zp.pl?podrobnosti=75340  |3 VAIS 
996 |c M*DP-9098  |l MMSKP  |s P  |a 0  |w stu206149_0001